Diorama 2000. Hacia una ética para la supervivencia humana
Salvato in:
| Autore principale: | |
|---|---|
| Natura: | Libro |
| Lingua: | spagnolo |
| Pubblicazione: |
Ciudad de México
Pax-México
1974
|
| Soggetti: | |
| Tags: |
Aggiungi Tag
Nessun Tag, puoi essere il primo ad aggiungerne!!
|
MARC
| LEADER | 00000nam a2200000 a 4500 | ||
|---|---|---|---|
| 001 | UCU2838 | ||
| 003 | CL-VaPUC | ||
| 008 | 960426e19740000MX |||||||||||||||||spa|d | ||
| 082 | 0 | 4 | |a 304.2 |b HAR |2 21 |
| 100 | |a Hardin, Garrett |e author |9 359404 | ||
| 245 | 1 | 0 | |a Diorama 2000. Hacia una ética para la supervivencia humana |
| 300 | |a 373 p | ||
| 942 | |c BK | ||
| 945 | |d 19960426 00:00:00 |a lriquelm | ||
| 260 | |a Ciudad de México |b Pax-México |c 1974 | ||
| 650 | 0 | |a Ecología humana |9 263207 | |
| 650 | 0 | |a Demografía |9 260008 | |
| 650 | 0 | |a Geografía humana |9 267193 | |
| 650 | 0 | |a Recursos naturales |9 255232 | |
| 650 | 0 | |a Antropología |9 233030 | |
| 650 | 7 | |a HOMBRE |2 CL-VaPUC |9 262149 | |
| 650 | 0 | |a Ética |9 255099 | |
| 583 | |a last modification |c 19960426 00:00:00 |k Rodrigo Vera | ||
| 999 | |c 247046 |d 247044 | ||
| 952 | |0 0 |1 0 |4 0 |6 304_200000000000000_HAR_1974 |7 0 |8 A |9 262578 |a BIBING |b BIBING |d 2019-11-19 |i 1648004 |o 304.2 HAR 1974 |p 1648004 |r 2025-01-20 |w 2019-11-19 |y BK |k GEO | ||
| 952 | |0 0 |1 0 |4 0 |6 304_200000000000000_HAR_1974 |7 0 |8 A |9 262579 |a BIBING |b BIBING |d 2019-11-19 |i 1648063 |o 304.2 HAR 1974 |p 1648063 |r 2025-01-20 |w 2019-11-19 |y BK |k GEO | ||